| 000 | 00957nam a22002297a 4500 | ||
|---|---|---|---|
| 999 |
_c17573 _d17573 |
||
| 003 | AR-CdUCM | ||
| 008 | 190509b ||||| |||| 00| 0 spa d | ||
| 040 |
_aMUNICIPALIDAD PROVINCIAL DEL CUSCO _cBIBLIOTECA MUNICIPAL DEL CUSCO |
||
| 082 |
_a376.3 / _bL68 |
||
| 100 |
_aLippincott, Dixie V. _937664 |
||
| 245 |
_aLa enseñanza y el aprendizaje en la escuela primaria : _bguía practica para el maestro / |
||
| 260 |
_aBuenos Aires : _bPaidos, _c1969. |
||
| 300 |
_a295 páginas ; _bIlustraciones, _c20 cm. |
||
| 505 | _aContenido. El niño y el programa escolar -- La enseñanza y el aprendizaje de la lectura -- La enseñanza y el aprendizaje de los estudios sociales -- La enseñanza de los números ... | ||
| 650 |
_aEducación primaria _91561 |
||
| 650 |
_aEnseñanza _91616 |
||
| 650 |
_aMaestro _92997 |
||
| 650 |
_aPrograma escolar _937665 |
||
| 710 |
_aCentro regional de ayuda técnica _910048 |
||
| 942 |
_2ddc _cLIBROS |
||
| 945 |
_aacv _d2019-05-09 |
||